| 000 | 00692nam a2200229 a 4500 | ||
|---|---|---|---|
| 001 | 42203 | ||
| 003 | BD-RjUL | ||
| 005 | 20211209053516.0 | ||
| 008 | 160611s1964 nyuc 001 0aeng d | ||
| 035 | _a(BD-RjUL) 42321 | ||
| 040 |
_beng _aBD-RjUL _cBD-RjUL |
||
| 041 | _aeng | ||
| 082 |
_223 _a327.73 _bMUD 1964 |
||
| 100 | 1 |
_aMurphy, Robert D. _q(Robert Daniel), _d1894-1978 _9129788 |
|
| 245 | 1 | 0 |
_aDiplomat among warriors / _cRobert Murphy. |
| 260 |
_aNew York : _bCollins, _cc1964 |
||
| 300 |
_a[6], 575 p. : _bill ; _c24 cm |
||
| 500 | _aIncludes index | ||
| 650 | 0 |
_aDiplomats _xBiography _9129789 |
|
| 650 | 0 |
_aForeign relations _y20th century _zUnited States _9129790 |
|
| 942 |
_2ddc _cBK |
||
| 999 |
_c42203 _d42203 |
||